01089nabaa22001697a 4500003000400000005001700004008004100021040000700062100002400069245012100093300001300214500003700227505042700264505008900691650002700780773011200807OSt20260123232621.0190701b xxu||||| |||| 00| 0 spa d cPJ aNovik, Yanet Paula 10aDenuncia de ilegitimidad :b¿herramienta que permite una verdadera defensa del administrado? /cYanet Paula Novik.  ap. 73-81 aCita: TR LALEY AR/DOC/1110/2024  aSumario: I. Introducción.— II. Actos administrativos. Definición.— III. Agotamiento de la vía administrativa.— IV. Análisis breve de la figura de la denuncia de ilegitimidad.— V. El derecho de defensa, una herramienta para promover la igualdad.— VI. Jurisprudencia argentina respecto a la habilitación de la instancia judicial tras la resolución de la denuncia de ilegitimidad.— VII. Conclusión.  t¿Te interesa el texto completo? Comunicate al correo: koha@justierradelfuego.gov.ar 0aDERECHO ADMINISTRATIVO0 02842dBuenos Aires : AbeledoPerrot, 2012-oDA121tDerecho administrativo. Nº 153 mayo/junio 2024z18510590